Loading...
Aatujeevitham kathakal parayumpol/
| Format: | Printed Book |
|---|---|
| Language: | English |
| Published: |
Thrissur
Green Books
2015
|
| LEADER | 00473 a2200145 4500 | ||
|---|---|---|---|
| 008 | 190706b xxu||||| |||| 00| 0 eng d | ||
| 999 | |c 188721 |d 188721 | ||
| 020 | |a 9788184233971 | ||
| 041 | |a MAL | ||
| 084 | |2 cc |a O32,3N717,AA:g | ||
| 245 | |a Aatujeevitham kathakal parayumpol/ | ||
| 260 | |b Green Books |c 2015 |a Thrissur | ||
| 300 | |b 141p. | ||
| 942 | |c REF | ||
| 952 | |0 0 |1 0 |4 0 |6 O_323N717AAG_Q5 |7 0 |8 KR |9 329255 |a LIB |b LIB |d 2019-01-01 |e 5 |g 84.00 |o O32,3N717,AA:g Q5 |p 309422 |r 2019-01-01 |v 120.00 |y REF | ||